| 000 | 00350nam a2200133Ia 4500 | ||
|---|---|---|---|
| 005 | 20251222140031.0 | ||
| 008 | 251222s1900||||xx |||||||||||||| ||spa|| | ||
| 020 | _a8474907918 | ||
| 082 | _a219.3/H11 | ||
| 100 | _aHabermas, Jürgen | ||
| 245 | 0 | _aDialéctica de la Secularización sobre la Razón y la Religión | |
| 264 | _bEncuentro | ||
| 942 | _cLIB | ||
| 999 |
_c2969 _d2969 |
||